Understanding pathophysiology / (Record no. 85004)
[ view plain ]
| 000 -LEADER | |
|---|---|
| fixed length control field | 01202cam a2200361 a 4500 |
| 001 - CONTROL NUMBER | |
| control field | 16973494 |
| 003 - CONTROL NUMBER IDENTIFIER | |
| control field | CBULib |
| 005 - DATE AND TIME OF LATEST TRANSACTION | |
| control field | 20240523123107.0 |
| 008 - FIXED-LENGTH DATA ELEMENTS--GENERAL INFORMATION | |
| fixed length control field | 110921s2012 moua b 001 0 eng |
| 010 ## - LIBRARY OF CONGRESS CONTROL NUMBER | |
| LC control number | 2011039731 |
| 020 ## - INTERNATIONAL STANDARD BOOK NUMBER | |
| International Standard Book Number | 9780323078917 (pbk. : alk. paper) |
| 035 ## - SYSTEM CONTROL NUMBER | |
| System control number | (DNLM)101569758 |
| 040 ## - CATALOGING SOURCE | |
| Original cataloging agency | DNLM/DLC |
| Transcribing agency | DLC |
| 042 ## - AUTHENTICATION CODE | |
| Authentication code | pcc |
| 050 00 - LIBRARY OF CONGRESS CALL NUMBER | |
| Classification number | RB113 |
| Item number | .H77 2012 |
| 060 10 - NATIONAL LIBRARY OF MEDICINE CALL NUMBER | |
| Classification number | QZ 4 |
| 082 00 - DEWEY DECIMAL CLASSIFICATION NUMBER | |
| Classification number | 616.07 |
| Edition number | 23 |
| 245 00 - TITLE STATEMENT | |
| Title | Understanding pathophysiology / |
| Statement of responsibility, etc. | [edited by] Sue E. Huether, Kathryn L. McCance ; section editors, Valentina L. Brashers, Neal S. Rote. |
| 250 ## - EDITION STATEMENT | |
| Edition statement | 5th ed. |
| 260 ## - PUBLICATION, DISTRIBUTION, ETC. | |
| Place of publication, distribution, etc. | St. Louis, Mo : |
| Name of publisher, distributor, etc. | Elsevier, |
| Date of publication, distribution, etc. | c2012. |
| 300 ## - PHYSICAL DESCRIPTION | |
| Extent | xxiv, 1159 p. : |
| Other physical details | col. ill. ; |
| Dimensions | 28 cm. |
| 504 ## - BIBLIOGRAPHY, ETC. NOTE | |
| Bibliography, etc. note | Includes bibliographical references and index. |
| 650 #0 - SUBJECT ADDED ENTRY--TOPICAL TERM | |
| Topical term or geographic name entry element | Physiology, Pathological. |
| 650 #0 - SUBJECT ADDED ENTRY--TOPICAL TERM | |
| Topical term or geographic name entry element | Nurses. |
| 650 12 - SUBJECT ADDED ENTRY--TOPICAL TERM | |
| Topical term or geographic name entry element | Pathology |
| Form subdivision | Nurses' Instruction. |
| 650 22 - SUBJECT ADDED ENTRY--TOPICAL TERM | |
| Topical term or geographic name entry element | Disease |
| Form subdivision | Nurses' Instruction. |
| 650 22 - SUBJECT ADDED ENTRY--TOPICAL TERM | |
| Topical term or geographic name entry element | Physiology |
| Form subdivision | Nurses' Instruction. |
| 700 1# - ADDED ENTRY--PERSONAL NAME | |
| Personal name | Huether, Sue E. |
| 700 1# - ADDED ENTRY--PERSONAL NAME | |
| Personal name | McCance, Kathryn L. |
| 906 ## - LOCAL DATA ELEMENT F, LDF (RLIN) | |
| a | 7 |
| b | cbc |
| c | orignew |
| d | 1 |
| e | ecip |
| f | 20 |
| g | y-gencatlg |
| 942 ## - ADDED ENTRY ELEMENTS (KOHA) | |
| Source of classification or shelving scheme | |
| Koha item type | MONOGRAPH |
| Suppress in OPAC | No |
| Withdrawn status | Lost status | Source of classification or shelving scheme | Damaged status | Not for loan | Collection code | Home library | Current library | Shelving location | Date acquired | Total Checkouts | Total Renewals | Full call number | Barcode | Date last seen | Date last checked out | Price effective from | Koha item type |
|---|---|---|---|---|---|---|---|---|---|---|---|---|---|---|---|---|---|
| Medical Library Collection | CBU-SCHOOL OF MEDICINE LIBRARY, NDOLA. | CBU-SCHOOL OF MEDICINE LIBRARY, NDOLA. | School of Medicine Collection - Hospital Campus | 05/23/2024 | 6 | 2 | RB 113 Hue | 904009 | 01/21/2026 | 11/10/2025 | 05/23/2024 | MONOGRAPH |